| 000 | 00788nam a2200133Ia 4500 | ||
|---|---|---|---|
| 008 | 171212s9999 xx 000 0 und d | ||
| 020 | _a9780833088178 | ||
| 100 | _aMcCombs, Jennifer Sloan;Pane, John F.;Augustine, Catherine H.;Schwartz, Heather L.;Martorell, Paco;Zakaras, Laura | ||
| 245 |
_cMcCombs, Jennifer Sloan;Pane, John F.;Augustine, Catherine H.;Schwartz, Heather L.;Martorell, Paco;Zakaras, Laura _aReady for Fall? Near-Term Effects of Voluntary Summer Learning Programs on Low-Income Students' Learning Opportunities and Outcomes |
||
| 260 |
_bRAND Corporation _c2014 |
||
| 650 | _aEducation | ||
| 650 | _aSummer schools -- United States; Low-income students -- United States; Academic achievement -- United States | ||
| 856 | _uhttp://www.jstor.org/stable/10.7249/j.ctt15zc6t0 | ||
| 999 |
_c352466 _d352466 |
||